An introduction to crime scene investigation (Registro nro. 324533)
[ vista simple ]
| 000 -ENCABEZADO | |
|---|---|
| Número de control [NR] | 00868nam a22002417a 4500 |
| 005 - FECHA Y HORA DE LA ÚLTIMA TRANSACCIÓN | |
| control field | 20240820083716.0 |
| 008 - DE LONGITUD FIJA DE DATOS DE ELEMENTOS - INFORMACIÓN GENERAL | |
| Elementos de longitud fija [NR] | 240820b ||||| |||| 00| 0 eng d |
| 020 ## - NUMERO INTERNACIONAL NORMALIZADO PARA LIBROS [R] | |
| Número Internacional Normalizado del libro [NR] | 9781284164671 |
| 040 ## - FUENTE DE CATALOGACION [NR] | |
| Agencia de catalogación original [NR] | CO-BoUCM |
| Quien Cataloga | David Moreno |
| Quien Clasifica | David Moreno |
| 041 ## - CODIGO DE IDIOMA [R] | |
| Código de idioma para texto/pista de sonido o título separado [R] | Inglés |
| 100 1# - ASIENTO PRINCIPAL--NOMBRE PERSONAL [NR] | |
| Nombre personal [NR] | Dutelle, Aric W. |
| ID Autoridad | 182031 |
| 245 #3 - MENCION DE TITULO [NR] | |
| Título [NR] | An introduction to crime scene investigation |
| Mención de responsabilidad, etc. [NR] | Aric W. Dutelle |
| 250 ## - MENCION DE EDICION [NR] | |
| Mención de edición [NR] | Fourth edition |
| 260 ## - PUBLICACION, DISTRIBUCION, ETC. (PIE DE IMPRENTA) [R] | |
| Lugar de publicación, distribución, etc. [R] | Burlington, MA |
| Nombre del editor, distribuidor, etc. [R] | Jones & Bartlett Learning |
| Fecha de publicación, distribución, etc. [R] | 2021 |
| 300 ## - DESCRIPCION FISICA [R] | |
| Extensión [R] | xxiii, 435 Paginas |
| Otros detalles físicos [NR] | ilustraciones |
| 504 ## - NOTA DE BIBLIOGRAFIA, ETC. [R] | |
| Nota de bibliografía, etc. [NR] | Incluye referencias bibliográficas e índices |
| 650 14 - ASIENTO SECUNDARIO DE MATERIA - TERMINO TEMATICO [R] | |
| Término temático o nombre geográfico como elemento de entrada [NR] | Escenas del crimen |
| 9 (RLIN) | 182032 |
| 650 14 - ASIENTO SECUNDARIO DE MATERIA - TERMINO TEMATICO [R] | |
| Término temático o nombre geográfico como elemento de entrada [NR] | Búsqueda en la escena del crimen |
| 9 (RLIN) | 182029 |
| 650 14 - ASIENTO SECUNDARIO DE MATERIA - TERMINO TEMATICO [R] | |
| Término temático o nombre geográfico como elemento de entrada [NR] | Investigación criminal |
| 9 (RLIN) | 17980 |
| 650 14 - ASIENTO SECUNDARIO DE MATERIA - TERMINO TEMATICO [R] | |
| Término temático o nombre geográfico como elemento de entrada [NR] | Evidencia, Criminal |
| 9 (RLIN) | 182023 |
| 942 ## - ELEMENTOS DE ENTRADA AGREGADOS (KOHA) | |
| Sistema de clasificación | DEWEY |
| Tema principal | Derecho |
| Tipo de ítem principal el descrito en 300a | Libro |
| Edición | 4 |
| Clasificación | 364.019 |
| Parte restante de la signatura top. | D975i |
| Título oculto en OPAC | No |
| Signatura topográfica | Código de barras | Última vez visto | Ejemplar | Price effective from | Tipo de ítem | Nota pública (OPAC) | Perdido | Sistema de clasificación | Dañado | No prestable | Tipo de ítem específico | Suprimido | Ubicación habitual | Ubicación actual | Localización | Fecha de creación | Forma de adquisición | Costo |
|---|---|---|---|---|---|---|---|---|---|---|---|---|---|---|---|---|---|---|
| 364.019 D975i | 100172937 | 04/12/2025 | Ej.1 | 20/08/2024 | Libro | Spot Criminología e Investigación Criminal | DEWEY | Libro | Claustro | Claustro | 3er piso | 20/08/2024 | Compra | 231748.00 |